[Event "EU-ch (Women) 24th"]
[Site "Rhodes"]
[Date "2024.04.20"]
[Round "2"]
[White "Daulyte Cornette, Deimante"]
[Black "Jarocka, Liwia"]
[Result "1/2-1/2"]
[WhiteElo "2381"]
[BlackElo "2212"]
[PlyCount "163"]
[EventDate "2024.04.19"]
[EventType "swiss"]
[EventRounds "10"]
[EventCountry "GRE"]
[SourceTitle "CB18_2024"]
[SourceDate "2024.05.01"]
[SourceVersion "1"]
[SourceVersionDate "2024.05.01"]
[SourceQuality "2"]

1. e4 c6 2. d4 d5 3. e5 Bf5 4. h4 h5 5. c4 e6 6. Nc3 dxc4 7. Bxc4 Nd7 8. Nge2 Be7 9. g3 Nh6 10. Bf4 Bg6 11. Bxh6 Rxh6 12. 0-0 Bxh4 13. gxh4 Qxh4 14. Ng3 0-0-0 15. Qe2 Nb6 16. Bb3 Qh3 17. Qe3 Bh7 18. Nce2 h4 19. Nf4 Qg4 20. Bd1 Qg5 21. Nfh5 Qxe3 22. fxe3 hxg3 23. Nxg3 Bg6 24. Bb3 Rdh8 25. Rf2 Rh3 26. Rg2 Nd5 27. Kf2 Rh2 28. Rag1 Kc7 29. a3 Ne7 30. Nf1 R2h4 31. Nd2 Rh1 32. Nf3 Rxg1 33. Rxg1 Rh3 34. Kg2 Rh6 35. Kf2 Kd7 36. Bc4 Rh3 37. Bf1 Rh7 38. Nd2 Nf5 39. Bg2 Kc7 40. b4 Rh2 41. Nf3 Rh8 42. Rc1 a6 43. Nd2 Rf8 44. Ne4 Nh4 45. Bh1 f6 46. exf6 Bxe4 47. Bxe4 Rxf6+ 48. Ke2 Nf5 49. Rg1 g6 50. Bd3 Kd6 51. Be4 Ne7 52. Rg5 Rf8 53. Rg2 Rf6 54. Rg5 b5 55. a4 Nd5 56. Bxd5 cxd5 57. axb5 axb5 58. Rg1 Rf8 59. Rxg6 Ra8 60. Rg1 Ra2+ 61. Kd3 Ra3+ 62. Kc2 Rxe3 63. Ra1 Kc6 64. Ra6+ Kb7 65. Rd6 Ka7 66. Rd7+ Kb6 67. Rd6+ Kc7 68. Ra6 e5 69. dxe5 Rxe5 70. Kc3 Re4 71. Rh6 Rc4+ 72. Kb3 d4 73. Rg6 Rc6 74. Rg5 Rc3+ 75. Kb2 Kc6 76. Rh5 Re3 77. Rc5+ Kb6 78. Rd5 Re2+ 79. Kc1 Re4 80. Kd2 d3 81. Kc3 Rc4+ 82. Kb3 1/2-1/2

[Event "Titled Tuesday intern op 16th Apr Late"]
[Site "Chess.com INT"]
[Date "2024.04.16"]
[Round "4"]
[White "Moskvin, Anatoly"]
[Black "Jarocka, Liwia"]
[Result "1-0"]
[WhiteElo "2192"]
[BlackElo "2212"]
[PlyCount "57"]
[EventDate "2024.04.16"]
[EventType "swiss (blitz)"]
[EventRounds "11"]
[EventCountry "USA"]
[SourceTitle "CB17_2024"]
[SourceDate "2024.04.24"]
[SourceVersion "1"]
[SourceVersionDate "2024.04.24"]
[SourceQuality "1"]

1. e4 d6 2. d3 g6 3. h4 h5 4. Nh3 Bg7 5. Ng5 Nf6 6. c3 0-0 7. Be2 c5 8. f3 Nc6 9. g4 b5 10. gxh5 Nxh5 11. f4 Ng3 12. Rh2 Nxe2 13. Qxe2 b4 14. h5 e5 15. hxg6 fxg6 16. f5 bxc3 17. Nxc3 Nd4 18. Qg4 Bxf5 19. exf5 Rxf5 20. Qe4 d5 21. Qxd5+ Qxd5 22. Nxd5 Rxg5 23. Bxg5 Nf3+ 24. Ke2 Nxh2 25. Rh1 Ng4 26. Rh4 Rb8 27. b3 Kf7 28. Rxg4 Ke6 29. Nc3 1-0

[Event "Titled Tuesday intern op 02nd Apr Late"]
[Site "Chess.com INT"]
[Date "2024.04.02"]
[Round "3"]
[White "Jarocka, Liwia"]
[Black "Palacio, Igor Da Paz"]
[Result "1/2-1/2"]
[WhiteElo "2212"]
[BlackElo "2172"]
[PlyCount "194"]
[EventDate "2024.04.02"]
[EventType "swiss (blitz)"]
[EventRounds "11"]
[EventCountry "USA"]
[SourceTitle "CB15_2024"]
[SourceDate "2024.04.10"]
[SourceVersion "1"]
[SourceVersionDate "2024.04.10"]
[SourceQuality "1"]

1. e4 c5 2. Nf3 d6 3. Nc3 Nf6 4. Bb5+ Bd7 5. a4 a6 6. Be2 Nc6 7. 0-0 e6 8. d4 cxd4 9. Nxd4 Nxd4 10. Qxd4 Rc8 11. Be3 Be7 12. f4 Qc7 13. Kh1 Bc6 14. Rad1 0-0 15. Bf3 Rfd8 16. Qb6 Qxb6 17. Bxb6 Rd7 18. a5 d5 19. exd5 Nxd5 20. Nxd5 Bxd5 21. Bxd5 Rxd5 22. Rxd5 exd5 23. c3 Kf8 24. Rd1 Bc5 25. Rxd5 Bxb6 26. axb6 Rc6 27. Rd7 Rxb6 28. b4 a5 29. Rd4 a4 30. Rd1 Rc6 31. Rc1 b5 32. g3 a3 33. Kg2 g6 34. Kf3 a2 35. Ke4 a1Q 36. Rxa1 Rxc3 37. Ke5 Kg7 38. Ra5 Rc2 39. Rxb5 Rxh2 40. Ke4 Rb2 41. Rb7 h6 42. b5 h5 43. b6 Rb3 44. Rb8 Rxg3 45. b7 Rb3 46. f5 gxf5+ 47. Kxf5 h4 48. Kg4 h3 49. Rc8 Rxb7 50. Kxh3 Rb4 51. Kg3 Kg6 52. Kf3 Kg5 53. Rc5+ f5 54. Rc3 Rf4+ 55. Kg3 Rg4+ 56. Kf3 Rh4 57. Kg3 f4+ 58. Kg2 Kg4 59. Rb3 Rh5 60. Ra3 Re5 61. Kf1 Rb5 62. Rc3 Rb2 63. Ra3 Rc2 64. Rb3 Rh2 65. Ra3 Rh5 66. Rb3 Re5 67. Rb2 Re3 68. Kf2 Rf3+ 69. Kg2 Rg3+ 70. Kf2 Rh3 71. Kg2 f3+ 72. Kg1 Kg3 73. Ra2 Rh6 74. Rg2+ Kf4 75. Ra2 Rg6+ 76. Kf1 Kg3 77. Ra8 Rg5 78. Rb8 Rg4 79. Rc8 Kh2 80. Rh8+ Kg3 81. Rf8 Rc4 82. Rg8+ Kf4 83. Rf8+ Ke3 84. Re8+ Re4 85. Rxe4+ Kxe4 86. Kf2 Kf4 87. Kf1 Kg3 88. Kg1 Kg4 89. Kf2 Kf4 90. Kf1 Ke3 91. Ke1 Kd4 92. Kf2 Ke4 93. Kf1 Kf4 94. Kf2 Kg4 95. Kf1 Kg3 96. Kg1 f2+ 97. Kf1 Kf3 1/2-1/2

[Event "Swiss Queens Wed #7"]
[Site "FIDE Online Arena INT"]
[Date "2024.03.13"]
[Round "10"]
[White "Jarocka, Liwia"]
[Black "Mikhaylova, Irina"]
[Result "1/2-1/2"]
[WhiteElo "2200"]
[BlackElo "2169"]
[PlyCount "69"]
[EventDate "2024.03.13"]
[EventType "swiss (blitz)"]
[EventRounds "11"]
[EventCountry "NET"]
[SourceTitle "CB12_2024"]
[SourceDate "2023.10.01"]
[SourceVersion "1"]
[SourceVersionDate "2023.10.01"]
[SourceQuality "1"]

1. e4 c5 2. c4 Nc6 3. Nf3 g6 4. d4 cxd4 5. Nxd4 Bg7 6. Be3 d6 7. Nc3 Nf6 8. Be2 0-0 9. 0-0 a6 10. Qd2 Nxd4 11. Bxd4 Be6 12. Rfc1 Qa5 13. Rc2 Rfc8 14. Qe3 Bxc4 15. Bb6 Qe5 16. Bd4 Qe6 17. Rac1 Bxe2 18. Qxe2 Rc6 19. Bxf6 Bxf6 20. Nd5 Rac8 21. Rxc6 Rxc6 22. Rxc6 bxc6 23. Nxf6+ Qxf6 24. g3 a5 25. Qc2 c5 26. Qd2 Qd4 27. Qxa5 Qxb2 28. Qd8+ Kg7 29. Qxe7 c4 30. Qxd6 c3 31. Qd4+ Kf8 32. Qd8+ Kg7 33. Qd4+ Kf8 34. Qd8+ Kg7 35. Qd4+ 1/2-1/2

[Event "Swiss Queens Wed #7"]
[Site "FIDE Online Arena INT"]
[Date "2024.03.13"]
[Round "2"]
[White "Miladinovic, Lena"]
[Black "Jarocka, Liwia"]
[Result "1/2-1/2"]
[WhiteElo "2111"]
[BlackElo "2200"]
[PlyCount "115"]
[EventDate "2024.03.13"]
[EventType "swiss (blitz)"]
[EventRounds "11"]
[EventCountry "NET"]
[SourceTitle "CB12_2024"]
[SourceDate "2023.10.01"]
[SourceVersion "1"]
[SourceVersionDate "2023.10.01"]
[SourceQuality "1"]

1. d4 d5 2. Nf3 c6 3. c4 Nf6 4. e3 e6 5. Bd3 Nbd7 6. b3 Bd6 7. 0-0 0-0 8. Bb2 Re8 9. Nc3 dxc4 10. bxc4 e5 11. dxe5 Nxe5 12. Nxe5 Bxe5 13. h3 Bc7 14. Qe2 Qd6 15. f4 Bb6 16. Nd1 Qe7 17. Kh1 Ne4 18. Rf3 Bf5 19. Nc3 Nxc3 20. Bxc3 Bxd3 21. Qxd3 Rad8 22. Qc2 Qe4 23. Qb2 f6 24. c5 Bxc5 25. Qxb7 Qe7 26. Qxc6 Rd3 27. Bd4 Bxd4 28. Qc4+ Kh8 29. Qxd3 Bxa1 30. Kh2 Qe4 31. Qd7 h6 32. Rg3 Qe7 33. Qc6 f5 34. Qc1 Bf6 35. Qc6 Qe6 36. Qa4 a6 37. a3 Rd8 38. Rg6 Qd7 39. Qxa6 Qf7 40. Rg3 Re8 41. Qb5 Re7 42. a4 Qe8 43. Qb6 Re6 44. Qc5 Qc6 45. Qxf5 Qe4 46. Qb5 Re7 47. a5 Rb7 48. Qc5 Rb1 49. a6 Ra1 50. Qc8+ Kh7 51. Qg4 Qb1 52. Rf3 Rxa6 53. f5 Ra1 54. Qg6+ Kh8 55. Qe8+ Kh7 56. Qg6+ Kh8 57. Qe8+ Kh7 58. Qg6+ 1/2-1/2

[Event "Titled Tuesday intern op 27th Feb Late"]
[Site "Chess.com INT"]
[Date "2024.02.27"]
[Round "1"]
[White "Barrientos Chavarriaga, Sergio E"]
[Black "Jarocka, Liwia"]
[Result "1/2-1/2"]
[WhiteElo "2425"]
[BlackElo "2199"]
[PlyCount "84"]
[EventDate "2024.02.27"]
[EventType "swiss (blitz)"]
[EventRounds "11"]
[EventCountry "USA"]
[SourceTitle "CB10_2024"]
[SourceDate "2024.03.06"]
[SourceVersion "1"]
[SourceVersionDate "2024.03.06"]
[SourceQuality "1"]

1. d4 d5 2. c4 e6 3. Nf3 Nf6 4. g3 dxc4 5. Qa4+ Nbd7 6. Bg2 Bd6 7. 0-0 a6 8. Qxc4 b5 9. Qc2 Bb7 10. Nbd2 c5 11. e4 cxd4 12. Nxd4 Rc8 13. Qd1 Qb6 14. N4b3 0-0 15. Qe2 e5 16. Rd1 Rfd8 17. Nf1 Nc5 18. Be3 Be7 19. Rxd8+ Qxd8 20. Rd1 Qf8 21. Nxc5 Bxc5 22. Bg5 Be7 23. Ne3 h6 24. Bxf6 Bxf6 25. Nf5 Rd8 26. Rc1 Bc8 27. Rc6 Bxf5 28. exf5 Rc8 29. Rxa6 b4 30. Bd5 Re8 31. Qe4 Qc5 32. Kg2 Qd4 33. b3 Rd8 34. Bc6 Qc3 35. Ra7 Rd4 36. Qf3 Rd3 37. Qe4 Rd4 38. Ra8+ Kh7 39. Qf3 Rd3 40. Qe4 Rd4 41. Qf3 Rd3 42. Qe4 Rd4 1/2-1/2

[Event "Titled Tuesday intern op 27th Feb Late"]
[Site "Chess.com INT"]
[Date "2024.02.27"]
[Round "10"]
[White "Jarocka, Liwia"]
[Black "Zhizmer, Yuri"]
[Result "1-0"]
[WhiteElo "2199"]
[BlackElo "2295"]
[PlyCount "101"]
[EventDate "2024.02.27"]
[EventType "swiss (blitz)"]
[EventRounds "11"]
[EventCountry "USA"]
[SourceTitle "CB10_2024"]
[SourceDate "2024.03.06"]
[SourceVersion "1"]
[SourceVersionDate "2024.03.06"]
[SourceQuality "1"]

1. e4 c6 2. d4 d5 3. exd5 cxd5 4. Bd3 Nc6 5. c3 g6 6. Nf3 Bg7 7. 0-0 Nf6 8. Re1 0-0 9. Na3 Bf5 10. Bf1 a6 11. Nc2 Rc8 12. h3 Bxc2 13. Qxc2 b5 14. Qd1 Qb6 15. a3 a5 16. Bf4 b4 17. axb4 axb4 18. Ra6 Qb7 19. Qb3 Rfd8 20. Rea1 Rd7 21. Qa4 bxc3 22. bxc3 Ne4 23. Bb5 Nxc3 24. Bxc6 Nxa4 25. Bxb7 Rxb7 26. R6xa4 f6 27. Ra7 Rxa7 28. Rxa7 Kf7 29. Bd6 Bf8 30. Bc5 Rb8 31. g4 Rb3 32. Kg2 Rc3 33. g5 Ke6 34. gxf6 Kxf6 35. h4 h6 36. Ne5 Bg7 37. Rxe7 Rxc5 38. Rf7+ Ke6 39. Rxg7 Rc1 40. Rxg6+ Kf5 41. Rxh6 Rd1 42. Nf3 Kg4 43. Rg6+ Kh5 44. Rg5+ Kh6 45. Rxd5 Rd2 46. Re5 Rd3 47. d5 Rd1 48. Re6+ Kh5 49. d6 Kg4 50. Re4+ Kh5 51. Rd4 1-0

[Event "POL-ch Universities (Women)"]
[Site "Lublin"]
[Date "2024.02.24"]
[Round "7"]
[White "Jarocka, Liwia"]
[Black "Harazinska, Magdalena"]
[Result "1/2-1/2"]
[WhiteElo "2199"]
[BlackElo "1950"]
[PlyCount "126"]
[EventDate "2024.02.22"]
[EventType "swiss"]
[EventRounds "9"]
[EventCountry "POL"]
[SourceTitle "CB10_2024"]
[SourceDate "2024.03.06"]
[SourceVersion "1"]
[SourceVersionDate "2024.03.06"]
[SourceQuality "1"]

1. e4 c5 2. Nf3 a6 3. c4 e6 4. d4 cxd4 5. Nxd4 Qc7 6. Nc3 Nf6 7. Be2 Be7 8. 0-0 0-0 9. Be3 d6 10. Rc1 b6 11. f3 Bb7 12. Kh1 Nbd7 13. b4 Rac8 14. a3 Qb8 15. g4 Ne5 16. Na4 Nfd7 17. Nb3 Bd8 18. Qd2 Bc7 19. Nb2 Rfd8 20. Kg1 Ng6 21. Nd4 d5 22. exd5 Bxh2+ 23. Kh1 exd5 24. Nf5 dxc4 25. Bxc4 Be5 26. Nd3 b5 27. Bb3 Rxc1 28. Qxc1 Nf6 29. Nxe5 Nxe5 30. Bf4 Nd3 31. Bxb8 Nxc1 32. Rxc1 Bxf3+ 33. Kg1 Rxb8 34. Rc7 Rf8 35. g5 Ne4 36. Ra7 Nxg5 37. Rxa6 g6 38. Nd4 Be4 39. Nxb5 Bd3 40. Rb6 h5 41. a4 h4 42. Rd6 Be4 43. Nc3 Bf3 44. Rxg6+ Kh7 45. Rxg5 f6 46. Rf5 Bg4 47. Rf4 f5 48. Bd1 Rc8 49. Bxg4 fxg4 50. Nd5 Rc1+ 51. Kf2 g3+ 52. Kg2 Rc2+ 53. Kg1 Rc1+ 54. Kg2 Rc2+ 55. Kg1 Rc1+ 56. Rf1 Rc2 57. Nf4 Rc4 58. b5 Rxa4 59. b6 Rb4 60. Nd5 Rb2 61. Rf4 Rb1+ 62. Kg2 Rb2+ 63. Kg1 Rb1+ 1/2-1/2

[Event "POL-ch Universities (Women)"]
[Site "Lublin"]
[Date "2024.02.23"]
[Round "4"]
[White "Shaban, Aliaksandra"]
[Black "Jarocka, Liwia"]
[Result "0-1"]
[WhiteElo "1708"]
[BlackElo "2199"]
[PlyCount "74"]
[EventDate "2024.02.22"]
[EventType "swiss"]
[EventRounds "9"]
[EventCountry "POL"]
[SourceTitle "CB10_2024"]
[SourceDate "2024.03.06"]
[SourceVersion "1"]
[SourceVersionDate "2024.03.06"]
[SourceQuality "1"]

1. d4 d5 2. Nf3 Nf6 3. e3 c6 4. Bd3 Bg4 5. 0-0 Nbd7 6. Nbd2 e5 7. dxe5 Nxe5 8. Be2 Ng6 9. h3 Bc8 10. b3 Be7 11. Bb2 0-0 12. c4 b6 13. Rc1 Bb7 14. Qc2 c5 15. Rfd1 Qc7 16. cxd5 Nxd5 17. a3 Rac8 18. Nc4 Rfd8 19. Bd3 Bf6 20. Bf5 Ra8 21. Be4 Bxb2 22. Nxb2 Qe7 23. Bf5 Nxe3 24. fxe3 Bxf3 25. gxf3 Qxe3+ 26. Qf2 Qg5+ 27. Bg4 h5 28. Nc4 hxg4 29. fxg4 Nf4 30. Qf3 Qh6 31. Kh2 Ne6 32. Rf1 Ng5 33. Qe3 Re8 34. Qd3 Rad8 35. Qg3 Re2+ 36. Rf2 Rxf2+ 37. Qxf2 Qxh3+ 0-1

[Event "Titled Tuesday intern op 13th Feb Late"]
[Site "Chess.com INT"]
[Date "2024.02.13"]
[Round "5"]
[White "Jarocka, Liwia"]
[Black "Shapiro, Viktor"]
[Result "0-1"]
[WhiteElo "2199"]
[BlackElo "2113"]
[PlyCount "50"]
[EventDate "2024.02.13"]
[EventType "swiss (blitz)"]
[EventRounds "11"]
[EventCountry "USA"]
[SourceTitle "CB08_2024"]
[SourceDate "2024.02.21"]
[SourceVersion "1"]
[SourceVersionDate "2024.02.21"]
[SourceQuality "1"]

1. e4 Nf6 2. e5 Nd5 3. c4 Nb6 4. a4 a5 5. d4 d6 6. Nf3 Bg4 7. Be2 e6 8. 0-0 Be7 9. b3 Nc6 10. Bb2 dxe5 11. dxe5 0-0 12. h3 Bf5 13. Nc3 Nb4 14. Nd4 Bg6 15. Bf3 Nd3 16. Bxb7 Nxb2 17. Qg4 h5 18. Qf4 Nd3 19. Qe3 Bc5 20. Nxe6 fxe6 21. Qg3 Kh7 22. Bxa8 Qxa8 23. Kh2 Bd4 24. Nb5 Bxe5 25. f4 Rxf4 0-1

[Event "Swiss Queens Wed #2"]
[Site "FIDE Online Arena INT"]
[Date "2024.02.07"]
[Round "4"]
[White "Jarocka, Liwia"]
[Black "Kaliakhmet, Elnaz"]
[Result "1-0"]
[WhiteElo "2199"]
[BlackElo "2000"]
[PlyCount "55"]
[EventDate "2024.02.07"]
[EventType "swiss (blitz)"]
[EventRounds "11"]
[EventCountry "NET"]
[SourceTitle "CB07_2024"]
[SourceDate "2024.02.14"]
[SourceVersion "1"]
[SourceVersionDate "2024.02.14"]
[SourceQuality "1"]

1. e4 c5 2. Nf3 Nc6 3. d4 cxd4 4. Nxd4 Nf6 5. Nc3 d6 6. Bg5 Bd7 7. Qd2 a6 8. 0-0-0 e6 9. f4 h6 10. Bxf6 Qxf6 11. e5 dxe5 12. Ndb5 Qd8 13. Nd6+ Bxd6 14. Qxd6 exf4 15. Ne4 Qe7 16. Qc7 b5 17. Nd6+ Kf8 18. Nxf7 Qxf7 19. Rxd7 Ne7 20. Bd3 g5 21. h4 g4 22. Rf1 Rc8 23. Qb7 e5 24. Rxe7 Qxe7 25. Qxc8+ Qe8 26. Qxg4 h5 27. Qf5+ Qf7 28. Qxe5 1-0

[Event "Swiss Queens Wed #2"]
[Site "FIDE Online Arena INT"]
[Date "2024.02.07"]
[Round "9"]
[White "Jarocka, Liwia"]
[Black "Shuvalova, Polina"]
[Result "0-1"]
[WhiteElo "2199"]
[BlackElo "2455"]
[PlyCount "104"]
[EventDate "2024.02.07"]
[EventType "swiss (blitz)"]
[EventRounds "11"]
[EventCountry "NET"]
[SourceTitle "CB07_2024"]
[SourceDate "2024.02.14"]
[SourceVersion "1"]
[SourceVersionDate "2024.02.14"]
[SourceQuality "1"]

1. e4 e5 2. Nf3 Nc6 3. Bc4 Nf6 4. Ng5 d5 5. exd5 Na5 6. Bb5+ Bd7 7. Qe2 Be7 8. Nc3 0-0 9. 0-0 c6 10. dxc6 Nxc6 11. Bxc6 Bxc6 12. d3 h6 13. Nge4 Nd5 14. Ng3 Nxc3 15. bxc3 Qd5 16. Qe4 Qxe4 17. dxe4 Rac8 18. Be3 b6 19. Rfd1 Ba4 20. Ne2 Rc7 21. Rd2 Rfc8 22. Rb1 f6 23. f3 Kf7 24. Kf2 h5 25. g3 h4 26. gxh4 Rh8 27. Kg3 Bd7 28. Bf2 Be6 29. a4 Bc4 30. Kh3 g5 31. Kg2 gxh4 32. h3 Bxe2 33. Rxe2 Rxc3 34. Rd1 Rg8+ 35. Kh2 Rxf3 36. Rd7 Ke6 37. Rxa7 Bc5 38. Bxh4 Rh8 39. Bg3 Ra3 40. Rd2 Rg8 41. Rd3 Ra2 42. Rd2 Bd4 43. Ra6 Kd7 44. a5 Kc6 45. Ra7 Rxa5 46. Rf7 Rg6 47. c3 Bxc3 48. Rc2 Rc5 49. Bf2 Rc4 50. Be1 Rxe4 51. Rxc3+ Kd5 52. Bg3 Re2+ 0-1

[Event "Swiss Queens Wed #2"]
[Site "FIDE Online Arena INT"]
[Date "2024.02.07"]
[Round "10"]
[White "Shubenkova, Veronika"]
[Black "Jarocka, Liwia"]
[Result "1-0"]
[WhiteElo "2007"]
[BlackElo "2199"]
[PlyCount "61"]
[EventDate "2024.02.07"]
[EventType "swiss (blitz)"]
[EventRounds "11"]
[EventCountry "NET"]
[SourceTitle "CB07_2024"]
[SourceDate "2024.02.14"]
[SourceVersion "1"]
[SourceVersionDate "2024.02.14"]
[SourceQuality "1"]

1. d4 Nf6 2. e3 e6 3. f4 d5 4. Nf3 c5 5. c3 Be7 6. Bd3 0-0 7. Nbd2 Nbd7 8. 0-0 b6 9. Ne5 Bb7 10. Rf3 g6 11. Rh3 Ne4 12. Nxe4 dxe4 13. Bc4 Nxe5 14. fxe5 Rc8 15. Bb3 b5 16. Bd2 b4 17. Qg4 bxc3 18. bxc3 Bg5 19. Rf1 cxd4 20. cxd4 Qe7 21. Rg3 Bh6 22. h4 Bd5 23. Rf2 Bxb3 24. axb3 Rc2 25. Qxe4 Rfc8 26. Rgf3 Qe8 27. h5 R8c7 28. hxg6 hxg6 29. Rh3 Bg7 30. Qh4 Kf8 31. Bb4+ 1-0

[Event "Swiss Queens Wed #2"]
[Site "FIDE Online Arena INT"]
[Date "2024.02.07"]
[Round "5"]
[White "Travkina, Anastasia"]
[Black "Jarocka, Liwia"]
[Result "0-1"]
[WhiteElo "2202"]
[BlackElo "2199"]
[PlyCount "78"]
[EventDate "2024.02.07"]
[EventType "swiss (blitz)"]
[EventRounds "11"]
[EventCountry "NET"]
[SourceTitle "CB07_2024"]
[SourceDate "2024.02.14"]
[SourceVersion "1"]
[SourceVersionDate "2024.02.14"]
[SourceQuality "1"]

1. e4 c5 2. Nf3 d6 3. d4 cxd4 4. Nxd4 Nf6 5. Nc3 Nc6 6. Bg5 e6 7. Qd2 a6 8. 0-0-0 h6 9. Bh4 Nxe4 10. Nxe4 Qxh4 11. f3 d5 12. Nxc6 bxc6 13. Qc3 Bd7 14. g3 Qd8 15. Nf2 Qb6 16. Nd3 Qe3+ 17. Kb1 Qxf3 18. Bh3 Qf6 19. Qa5 Bd6 20. Rhf1 Qd8 21. Qc3 0-0 22. Bg2 c5 23. Nf4 d4 24. Qd3 Rb8 25. b3 Bb5 26. c4 Bd7 27. Qe2 Bxf4 28. gxf4 a5 29. Be4 a4 30. Bc2 axb3 31. axb3 Qa5 32. Kc1 Qa1+ 33. Bb1 Qc3+ 34. Qc2 Rxb3 35. Rd3 Qxc2+ 36. Bxc2 Rxd3 37. Bxd3 Ra8 38. Kd2 Ra2+ 39. Bc2 Ba4 0-1

[Event "Titled Tuesday intern op 06th Feb Early"]
[Site "Chess.com INT"]
[Date "2024.02.06"]
[Round "7"]
[White "Bauyrzhan, Arnash"]
[Black "Jarocka, Liwia"]
[Result "0-1"]
[WhiteElo "2029"]
[BlackElo "2199"]
[PlyCount "130"]
[EventDate "2024.02.06"]
[EventType "swiss (blitz)"]
[EventRounds "11"]
[EventCountry "USA"]
[SourceTitle "CB07_2024"]
[SourceDate "2024.02.14"]
[SourceVersion "1"]
[SourceVersionDate "2024.02.14"]
[SourceQuality "1"]

1. e4 d6 2. d4 g6 3. Nf3 Bg7 4. Bd3 Nd7 5. 0-0 c5 6. c3 a6 7. Be3 e6 8. h3 Ne7 9. Qe2 0-0 10. a4 Qc7 11. Nbd2 b6 12. Rfd1 Bb7 13. Nf1 Nc6 14. d5 exd5 15. exd5 Nce5 16. Nxe5 Nxe5 17. c4 Bc8 18. Ng3 Nxd3 19. Rxd3 Re8 20. Qc2 h5 21. Rb3 h4 22. Nf1 Bf5 23. Qd2 Rab8 24. Bg5 Re4 25. Rc1 f6 26. Be3 Qd7 27. Qe2 a5 28. Qf3 Qxa4 29. Nd2 Re7 30. Ra3 Qd7 31. Bf4 g5 32. Bh2 Bg6 33. Rb3 f5 34. Ra1 Qc7 35. Qd3 Be5 36. Bxe5 Rxe5 37. Nf3 Re7 38. Nxg5 Rbe8 39. Ne6 Qa7 40. Qf3 Rh7 41. Qf4 Qe7 42. Rf3 Qf6 43. Qxd6 Qxb2 44. Re1 Qf6 45. Qf4 Rhe7 46. Qh6 Qf7 47. Rb1 Qh7 48. Qg5 Kh8 49. Rxb6 Bf7 50. d6 Rxe6 51. Rxf5 Re1+ 52. Kh2 Bg6 53. d7 Bxf5 54. dxe8Q+ Rxe8 55. Qf6+ Kg8 56. Rd6 Rf8 57. Qg5+ Kh8 58. Rh6 Rg8 59. Rxh7+ Kxh7 60. Qxh4+ Kg7 61. Qf6+ Kxf6 62. g4 Bd3 63. g5+ Kf5 64. f3 a4 65. h4 a3 0-1